000 004450000a22001810004500
003 MACL
005 20150912174311.0
008 150912b xxu||||| |||| 00| 0 eng d
040 _aMACL
_cMACL
041 _aEnglish
082 _a823/GOO
100 _aGoonewardene, James
_910604
245 _aOne Mad Bid For Freedom
_bA Novel
260 _bPenguin Books
_c1990
_aNew Delhi
350 _a55
650 _aFiction
_910605
942 _cBK
_k823
_2ddc
999 _c5160
_d5160